000 01107cam a2200301 a 4500
001 3824280
003 OSt
005 20240618154650.0
008 860711s1987 enka b 001 0 eng
010 _a 86018790
020 _a052130282X
040 _aDLC
_cMUST
_dDLC
082 0 0 _a511.8 IAC 1987
100 1 _aIachello, F.
_917468
245 1 4 _aThe interacting boson model /
_cF. Iachello, A. Arima.
260 _aCambridge [Cambridgeshire] ;
_aNew York :
_bCambridge University Press,
_c1987.
300 _ax, 250 p. :
_bill. ;
_c24 cm.
440 0 _aCambridge monographs on mathematical physics
_913328
500 _aIncludes index.
504 _aBibliography: p. [243]-246.
650 0 _aNuclear structure
_xMathematical models.
_917469
650 0 _aInteracting boson models.
_917470
700 1 _aArima, Akito,
_d1930-2020.
_917471
856 4 2 _3Publisher description
_uhttp://www.loc.gov/catdir/description/cam023/86018790.html
856 4 1 _3Table of contents
_uhttp://www.loc.gov/catdir/toc/cam022/86018790.html
906 _a7
_bcbc
_corignew
_d1
_eocip
_f19
_gy-gencatlg
942 _2ddc
_cO_SHELF
999 _c8622
_d8622